LEADER 02198nam 2200601 a 450 001 9910208834003321 005 20230803211254.0 010 $a1-118-70051-1 010 $a1-118-70049-X 010 $a1-118-70050-3 035 $a(CKB)4330000000003004 035 $a(MiAaPQ)EBC1367694 035 $a(DLC) 2013025948 035 $a(Au-PeEL)EBL1367694 035 $a(CaPaEBR)ebr10753371 035 $a(CaONFJC)MIL514365 035 $a(OCoLC)862821097 035 $a(EXLCZ)994330000000003004 100 $a20130617d2014 uy 0 101 0 $aeng 135 $aurcn||||||||| 181 $2rdacontent 182 $2rdamedia 183 $2rdacarrier 200 00$aGuide to load analysis for durability in vehicle engineering$b[electronic resource] /$feditors, P. Johannesson, M. Speckert ; [contributors, Klaus Dressler ... [et al.]] 205 $a1st ed. 210 $aChichester, West Sussex $cJohn Wiley & Sons Inc.$d2014 215 $axx, 434 p. $cill. (some col.) 225 0 $aAutomotive series ;$v1 311 $a1-118-64831-5 311 $a1-299-83114-1 320 $aIncludes bibliographical references and index. 327 $apt. I. Overview -- pt. II. Methods for load analysis -- pt. III. Load analysis in view of the vehicle design process. 330 $a"Covers the use of established computational methods, such as finite element method (FEM) and multi body simulation (MBS), and their appropriate use within load analysis for durability"--$cProvided by publisher. 410 0$aAutomotive series (Wiley) 606 $aTrucks$xDynamics 606 $aFinite element method 606 $aTrucks$xDesign and construction 615 0$aTrucks$xDynamics. 615 0$aFinite element method. 615 0$aTrucks$xDesign and construction. 676 $a629.2/31 686 $aTEC009090$2bisacsh 701 $aJohannesson$b Par$0997124 701 $aSpeckert$b Michael$0997125 701 $aDressler$b Klaus$0997126 801 0$bMiAaPQ 801 1$bMiAaPQ 801 2$bMiAaPQ 906 $aBOOK 912 $a9910208834003321 996 $aGuide to load analysis for durability in vehicle engineering$92286640 997 $aUNINA LEADER 02754nam 2200601 a 450 001 9910781942203321 005 20230802004321.0 010 $a0-19-996519-6 010 $a1-283-42769-9 010 $a9786613427694 010 $a0-19-987555-3 035 $a(CKB)2550000000075628 035 $a(EBL)829397 035 $a(OCoLC)769344061 035 $a(SSID)ssj0000571046 035 $a(PQKBManifestationID)12208577 035 $a(PQKBTitleCode)TC0000571046 035 $a(PQKBWorkID)10611146 035 $a(PQKB)11245257 035 $a(StDuBDS)EDZ0000102119 035 $a(MiAaPQ)EBC829397 035 $a(Au-PeEL)EBL829397 035 $a(CaPaEBR)ebr10521074 035 $a(CaONFJC)MIL342769 035 $a(EXLCZ)992550000000075628 100 $a20101220d2012 uy 0 101 0 $aeng 135 $aur|n|---||||| 181 $ctxt 182 $cc 183 $acr 200 04$aThe neurology of AIDS$b[electronic resource] /$fedited by Howard E. Gendelman ... [et al.] 205 $a3rd ed. 210 $aOxford $cOxford University Press$dc2012 215 $a1 online resource (1156 p.) 300 $aDescription based upon print version of record. 311 $a0-19-539934-X 320 $aIncludes bibliographical references and index. 327 $aHIV-1 biology and immunology -- Innate and cellular immunity and neurogenesis -- Blood brain barrier and HIV CNS entry -- Cellular and viral neurotoxicity and abused drugs -- Animal models -- Personal perspectives in living with HIV/AIDS -- Clinical and pathologic manifestations of disease -- Pathogenesis of co-morbid conditions -- Diagnostics and biomarkers -- Children and adolescents -- Antiretroviral and adjunctive therapies -- Psychiatry and psychobiology. 330 $aNeurological complications of progressive HIV-1 infection remain a common cause of morbidity even during widespread use of antiretroviral therapy (ART). Long-term resistance to ART, drug compliance, untoward drug side effects, a myriad of opportunistic infection, depression and other psychiatric disease manifestations, concomitant drug abuse, neuropathies, and an inability to clear viral reservoirs, explain, in large measure, disease progression and immune deterioration. These are associated with a number of psychiatric, muscle, nerve, infectious, as well as cognitive, behavioral, and motor di 606 $aAIDS (Disease) 606 $aNeurology 615 0$aAIDS (Disease) 615 0$aNeurology. 676 $a616.97/9207 701 $aGendelman$b Howard E.$f1954-$01498694 801 0$bMiAaPQ 801 1$bMiAaPQ 801 2$bMiAaPQ 906 $aBOOK 912 $a9910781942203321 996 $aThe neurology of AIDS$93724334 997 $aUNINA